College Quizbowl Stats
College Quizbowl Stats
Circuits
Seasons
Sets
Records
Detailed Stats
About
Loading...
2024 ACF Fall at Cornell
Tossups
Bonuses
Players
Teams
Categories (Tossup)
Categories (Bonus)
Scott Coonrod
Cornell D
Categories
Category
Powers
Gets
Negs
BBs
Points
Earliest Buzz
Avg. Buzz
First Buzzes
Top 3 Buzzes
BPA
PVF
History - European
0
1
0
0
10
22
22.00
0
1
0.00
0.00
Current Events
0
1
1
0
5
87
87.00
0
1
0.00
0.00
Fine Arts - Other
0
0
1
0
-5
0.00
0
0
0.00
0.00
Philosophy
0
0
1
0
-5
0.00
0
0
0.00
0.00
Buzzes
Category
Answer
Value
Buzz Position
History - European
Chernobyl disaster
10
22
Current Events
Boeing
-5
36
Philosophy
atoms
-5
60
Current Events
water
10
87
Fine Arts - Other
Rio de Janeiro
-5
93
Previous
1
Next